000 00637nam a22002057a 4500
003 BUBTL
008 171206b xxu||||| |||| 00| 0 eng d
082 _a658.1511
_bROA
100 _91605
_aRomney, Marshall B.
245 _aAccounting Information Systems
_cRomney, Marshall B. Paul J. Steinbart
250 _a12th
260 _aNew York
_bPearson Education
_c2012
300 _a718p . :
_bill , Table ; 24cm .
_cAccounting .
500 _aIncludes Index.
650 0 _95
_aAccounting
700 _91606
_aRomney, Marshall B. Paul J. Steinbart
856 _k0
_l0
_yDownload
942 _2ddc
_cBK
999 _c5587
_d5587